Studies in Asian social development (Record no. 419208)

000 -LEADER
fixed length control field 00429cam a22001457a 4500
008 - FIXED-LENGTH DATA ELEMENTS--GENERAL INFORMATION
fixed length control field 180718b1974 xxu||||| |||| 00| 0 eng d
020 ## - INTERNATIONAL STANDARD BOOK NUMBER
International Standard Book Number 0 7069 0322 6
082 ## - DEWEY DECIMAL CLASSIFICATION NUMBER
Classification number B19x5 In7/2
245 ## - TITLE STATEMENT
Title Studies in Asian social development
Statement of responsibility, etc. edited by Suren Navlakha
260 ## - PUBLICATION, DISTRIBUTION, ETC.
Place of publication, distribution, etc. Delhi
Name of publisher, distributor, etc. Vikas
Date of publication, distribution, etc. 1974
300 ## - PHYSICAL DESCRIPTION
Extent xv, 226p
650 ## - SUBJECT ADDED ENTRY--TOPICAL TERM
Topical term or geographic name entry element Asia-social conditions.
650 ## - SUBJECT ADDED ENTRY--TOPICAL TERM
Topical term or geographic name entry element Economic development-social aspects
700 ## - ADDED ENTRY--PERSONAL NAME
Personal name Navlakha, Suren
Holdings
Withdrawn status Lost status Damaged status Not for loan Permanent Location Current Location Date acquired Full call number Barcode Date last seen Price effective from Koha item type
        Indian Institute of Public Administration Indian Institute of Public Administration 2009-07-01 B19x5 In7/2 49305 2018-07-21 2018-07-21 Book
        Indian Institute of Public Administration Indian Institute of Public Administration 2010-03-05 T19x5 In7 46837 2018-07-21 2018-07-21 Book

Powered by Koha